| 000 | 00641nam a2200217Ia 4500 | ||
|---|---|---|---|
| 005 | 20250508170219.0 | ||
| 008 | 008 250505s9999 xx 000 0 eng d | ||
| 037 | _aTextBook | ||
| 040 |
_aFEDL _beng _cFEDL |
||
| 041 |
_aeng _2eng |
||
| 084 |
_a371.1, BAN/R _qFEDL |
||
| 100 |
_aBanks Frank Ed. _9783474 |
||
| 245 | 0 | _aEarly professional development for teachers | |
| 260 |
_aLondon, UK _bDavid Fulton Publishers _c2001 |
||
| 300 | _axv, 400p. | ||
| 365 |
_aEURO _b853 |
||
| 546 | _aGifted by Prof. Salaja Chennat | ||
| 700 |
_a Mayes Ann Shelton Ed. _9783475 |
||
| 942 |
_cTB _h371.1, BAN/R |
||
| 999 |
_c1399828 _d1399828 |
||